[Event "NAYCC U18"]
[Site "Windsor CAN"]
[Date "2016.08.10"]
[Round "7.11"]
[White "Hong, Andrew"]
[Black "Li, Ben"]
[Result "1-0"]
[WhiteElo "2297"]
[BlackElo "2319"]
[PlyCount "85"]
[EventDate "2016.08.07"]
[EventType "swiss"]
[EventRounds "9"]
[EventCountry "CAN"]

1. e4 c5 2. Nf3 d6 3. d4 cxd4 4. Nxd4 Nf6 5. Nc3 a6 6. h3 e5 7. Nde2 h5 8. g3
Be6 9. Bg2 b5 10. O-O Be7 11. Be3 Nbd7 12. f4 Rc8 13. b3 Nb6 14. a4 b4 15. a5
Nc4 16. bxc4 bxc3 17. c5 Bc4 18. Rf2 dxc5 19. Nxc3 Qc7 20. Ra4 Be6 21. Bf1 Rd8
22. Qb1 h4 23. Qb6 Qxb6 24. axb6 hxg3 25. Rf3 Rb8 26. Rxa6 O-O 27. f5 Bc8 28.
Ra7 Bb7 29. Rxg3 Kh7 30. Bg2 Rfc8 31. Nd5 Nxd5 32. exd5 Bd8 33. d6 Bxg2 34.
Rxg2 Rxb6 35. Rxf7 Bf6 36. d7 Rd8 37. Bg5 Kh8 38. Bxf6 gxf6 39. Re7 Rbb8 40.
Rg6 Rf8 41. Rh6+ Kg8 42. Reh7 Rb1+ 43. Kg2 1-0

[Event "NAYCC U18"]
[Site "Windsor CAN"]
[Date "2016.08.10"]
[Round "7.12"]
[White "Proleiko, Julian"]
[Black "Song, Terry"]
[Result "1-0"]
[WhiteElo "2114"]
[BlackElo "2208"]
[PlyCount "61"]
[EventDate "2016.08.07"]
[EventType "swiss"]
[EventRounds "9"]
[EventCountry "CAN"]

1. e4 c5 2. Nf3 d6 3. d4 cxd4 4. Nxd4 Nf6 5. Nc3 a6 6. Be2 e5 7. Nb3 Be7 8. O-O
O-O 9. Kh1 Be6 10. f4 Qc7 11. Nd5 Bxd5 12. exd5 Nbd7 13. c4 Rfe8 14. Be3 Bf8
15. f5 a5 16. Nd2 Nc5 17. g4 Nce4 18. g5 Nxd2 19. Qxd2 Nd7 20. f6 e4 21. Rf4 g6
22. h4 Nc5 23. h5 gxh5 24. Rh4 Nd7 25. Kg2 Ne5 26. Rah1 Qd7 27. Rxh5 Ng6 28.
Rxh7 Qf5 29. Qe1 b5 30. Rh8+ Nxh8 31. Qh4 1-0

[Event "NAYCC U18"]
[Site "Windsor CAN"]
[Date "2016.08.10"]
[Round "7.13"]
[White "Han, Joseph"]
[Black "Sowa, Aidan"]
[Result "1-0"]
[WhiteElo "2172"]
[BlackElo "1910"]
[PlyCount "37"]
[EventDate "2016.08.07"]
[EventType "swiss"]
[EventRounds "9"]
[EventCountry "CAN"]

1. e4 b6 2. d4 Bb7 3. Bd3 Nf6 4. Qe2 e6 5. Nf3 d5 6. e5 Nfd7 7. c4 dxc4 8. Bxc4
c5 9. O-O cxd4 10. Nxd4 Nc6 11. Nxc6 Bxc6 12. Nc3 Bc5 13. Bf4 O-O 14. Rfd1 Qc7
15. Rac1 Qb7 16. Ba6 Qb8 17. Bg3 Rd8 18. Ne4 Bb7 19. Bh4 1-0

[Event "NAYCC U18"]
[Site "Windsor CAN"]
[Date "2016.08.10"]
[Round "7.14"]
[White "Guo, Arthur"]
[Black "Mathews, Jeremy"]
[Result "1-0"]
[WhiteElo "2155"]
[BlackElo "1701"]
[PlyCount "101"]
[EventDate "2016.08.07"]
[EventType "swiss"]
[EventRounds "9"]
[EventCountry "CAN"]

1. e4 e5 2. Nf3 Nc6 3. Bb5 Nge7 4. O-O g6 5. d4 exd4 6. Nxd4 Bg7 7. Be3 O-O 8.
Nc3 d6 9. Qd2 Bd7 10. Nb3 Ne5 11. Be2 f5 12. f4 N5c6 13. Bc4+ Kh8 14. exf5 Nxf5
15. Bf2 a5 16. Rae1 a4 17. Nc1 Ncd4 18. N1e2 Nxe2+ 19. Rxe2 c6 20. a3 d5 21.
Ba2 Re8 22. Rxe8+ Qxe8 23. Re1 Qf8 24. Bb6 Ra6 25. Bf2 b5 26. Ne4 dxe4 27. Qxd7
c5 28. Qxb5 Rd6 29. Bxc5 Bd4+ 30. Bxd4+ Nxd4 31. Qe5+ Qf6 32. c3 Nf5 33. Qxf6+
Rxf6 34. Rxe4 Rb6 35. Rb4 Rd6 36. g3 Rd2 37. Be6 Ne3 38. Bh3 Nd1 39. Rd4 Rxd4
40. cxd4 Nxb2 41. Kf2 Nc4 42. Bf1 Nd6 43. Ke3 Kg7 44. d5 Kf6 45. Bd3 Ke7 46.
Kd4 Nb7 47. Bb5 Kd6 48. Bxa4 Nc5 49. Bc2 Nd7 50. a4 Nf6 51. Be4 1-0

[Event "NAYCC U18"]
[Site "Windsor CAN"]
[Date "2016.08.10"]
[Round "7.15"]
[White "Li, Yinshi"]
[Black "Nguyen, Trung"]
[Result "1/2-1/2"]
[WhiteElo "2138"]
[BlackElo "2153"]
[PlyCount "98"]
[EventDate "2016.08.07"]
[EventType "swiss"]
[EventRounds "9"]
[EventCountry "CAN"]

1. d4 g6 2. c4 Bg7 3. Nc3 d6 4. g3 Nf6 5. Bg2 O-O 6. Nf3 Nc6 7. O-O a6 8. Qd3
Nd7 9. b3 e5 10. e3 Rb8 11. a4 f5 12. Qd2 Nf6 13. Bb2 Nh5 14. dxe5 Nxe5 15.
Rae1 Nxf3+ 16. Bxf3 Nf6 17. c5 Be6 18. Qc2 d5 19. Ne2 c6 20. b4 Ne4 21. Bxg7
Kxg7 22. Nd4 Bd7 23. Rb1 h5 24. b5 axb5 25. axb5 cxb5 26. Nxb5 Qa5 27. Bxe4
Bxb5 28. Qb2+ Kh6 29. Qxb5 Qxb5 30. Rxb5 dxe4 31. Rd1 Rbc8 32. Rd7 Rf6 33.
Rbxb7 Kg5 34. Rbc7 Rc6 35. h4+ Kf6 36. Rxc8 Rxc8 37. Rd6+ Kg7 38. c6 Ra8 39.
Rd7+ Kf6 40. c7 Ra1+ 41. Kg2 Rc1 42. Rd6+ Kf7 43. Rd7+ Ke6 44. Rh7 Kf6 45. Kh3
Rh1+ 46. Kg2 Rc1 47. Kh2 Ke6 48. Kh3 Rh1+ 49. Kg2 Rc1 1/2-1/2

[Event "NAYCC U18"]
[Site "Windsor CAN"]
[Date "2016.08.10"]
[Round "7.16"]
[White "Yaskolko, Alexander"]
[Black "Dommalapati, Abhinay"]
[Result "0-1"]
[WhiteElo "1735"]
[BlackElo "1832"]
[PlyCount "88"]
[EventDate "2016.08.07"]
[EventType "swiss"]
[EventRounds "9"]
[EventCountry "CAN"]

1. e4 e6 2. d4 d5 3. Nc3 Nf6 4. Bg5 Be7 5. e5 Nfd7 6. Bxe7 Qxe7 7. Nf3 a6 8.
Bd3 c5 9. Nb1 cxd4 10. Nxd4 Nxe5 11. Nc3 Nbc6 12. Nb3 O-O 13. Qd2 Nxd3+ 14.
Qxd3 b5 15. h4 Bd7 16. O-O-O b4 17. Ne2 a5 18. h5 a4 19. Nbd4 Nxd4 20. Qxd4 Bb5
21. h6 gxh6 22. Qg4+ Qg5+ 23. Qxg5+ hxg5 24. Nd4 Bd7 25. Rh5 f6 26. Rdh1 Rf7
27. R1h3 e5 28. Rd3 exd4 29. Rxd4 Rb8 30. Rxd5 Bc6 31. Ra5 Ra8 32. Rxa8+ Bxa8
33. g3 Rd7 34. Rh2 Bf3 35. b3 a3 36. c3 bxc3 37. Kc2 Rc7 38. Rh3 Be4+ 39. Kc1
c2 40. f3 Bg6 41. Rh2 Rd7 42. Rd2 Rxd2 43. Kxd2 h5 44. b4 Kf8 0-1

[Event "NAYCC U18"]
[Site "Windsor CAN"]
[Date "2016.08.11"]
[Round "8.3"]
[White "Sheng, Joshua"]
[Black "Grabinsky, Aaron"]
[Result "0-1"]
[WhiteElo "2394"]
[BlackElo "2312"]
[PlyCount "84"]
[EventDate "2016.08.07"]
[EventType "swiss"]
[EventRounds "9"]
[EventCountry "CAN"]

1. e4 e6 2. d4 d5 3. Nc3 Bb4 4. e5 b6 5. a3 Bf8 6. Nf3 Ne7 7. Bd3 Ba6 8. Nb5
Qd7 9. a4 Nf5 10. g4 Ne7 11. O-O Bb7 12. c3 a6 13. Na3 c5 14. Be3 Nec6 15. Nd2
cxd4 16. cxd4 Nb4 17. Be2 N8c6 18. f4 f6 19. Nf3 O-O-O 20. Nc2 Kb8 21. Nxb4
Nxb4 22. Qb3 Ka7 23. Bd2 Nc6 24. Qe3 h5 25. g5 Be7 26. exf6 gxf6 27. gxf6 Bxf6
28. Ne5 Rdg8+ 29. Kh1 Nxe5 30. fxe5 Bg5 31. Qd3 Bxd2 32. Qxd2 Qg7 33. Rg1 Qxe5
34. Rxg8 Rxg8 35. Rf1 Qe4+ 36. Bf3 Qg6 37. Qe2 Rf8 38. a5 bxa5 39. Re1 Qf6 40.
Bg2 Qxd4 41. Qxe6 Qxb2 42. Bxd5 Re8 0-1

[Event "NAYCC U18"]
[Site "Windsor CAN"]
[Date "2016.08.11"]
[Round "8.4"]
[White "Song, Edward"]
[Black "Zhu, Hong Rui"]
[Result "1/2-1/2"]
[WhiteElo "2300"]
[BlackElo "2232"]
[PlyCount "90"]
[EventDate "2016.08.07"]
[EventType "swiss"]
[EventRounds "9"]
[EventCountry "CAN"]

1. e4 c5 2. Nf3 g6 3. d4 cxd4 4. Nxd4 Nc6 5. c4 Nf6 6. Nc3 d6 7. Nc2 Bg7 8. Be2
O-O 9. O-O Nd7 10. Be3 Bxc3 11. bxc3 Nc5 12. f3 Qa5 13. Bd2 f5 14. exf5 Bxf5
15. Nb4 Rac8 16. Kh1 Rf7 17. Be1 Na4 18. f4 Nb6 19. Nd5 Be6 20. Ne3 Nd8 21. Ng4
Bxg4 22. Bxg4 Rxc4 23. Bd2 Rc7 24. Qe2 Nc4 25. Be1 Kg7 26. Rd1 Qb6 27. Bf2 Qb2
28. Qxb2 Nxb2 29. Rb1 Nc4 30. Bxa7 Nc6 31. Bb6 Nxb6 32. Rxb6 Nd8 33. Rb3 Rc4
34. g3 g5 35. Bh5 Rf5 36. Be2 Ra4 37. fxg5 Rxg5 38. Bf3 Rxa2 39. Bxb7 Nxb7 40.
Rxb7 Re2 41. Kg1 Rh5 42. h4 Rc5 43. Rf3 Rce5 44. Rc7 Rc2 45. Rf2 Rxf2 1/2-1/2

[Event "NAYCC U18"]
[Site "Windsor CAN"]
[Date "2016.08.11"]
[Round "8.5"]
[White "Dorrance, Adam"]
[Black "Li, Ethan"]
[Result "1/2-1/2"]
[WhiteElo "2254"]
[BlackElo "2321"]
[PlyCount "138"]
[EventDate "2016.08.07"]
[EventType "swiss"]
[EventRounds "9"]
[EventCountry "CAN"]

1. d4 Nf6 2. c4 e6 3. g3 d5 4. Bg2 dxc4 5. Nf3 Bd7 6. Ne5 Bc6 7. Nxc6 Nxc6 8.
Qa4 Bb4+ 9. Bd2 Nd5 10. Bxb4 Ndxb4 11. a3 Nd5 12. Qxc4 O-O 13. e3 Qd7 14. O-O
Nce7 15. Rc1 c6 16. Nc3 Rfd8 17. b4 Nxc3 18. Qxc3 Nd5 19. Qc5 a6 20. a4 Rac8
21. Rab1 h5 22. h4 g6 23. Qc4 Rc7 24. Qb3 Rdc8 25. Bf1 Qe7 26. Rc5 Kg7 27. Rbc1
Kh7 28. Bg2 Kg8 29. e4 Nf6 30. Rd1 Kh7 31. b5 cxb5 32. Rxc7 Rxc7 33. axb5 axb5
34. Qxb5 Ng4 35. Qe2 Qe8 36. Bf3 Nf6 37. Qb2 Qe7 38. Kg2 Ne8 39. e5 Ng7 40. d5
exd5 41. Rxd5 Ne6 42. Qd2 Kg7 43. Rb5 Kh7 44. Qd6 Qxd6 45. exd6 Rd7 46. Rxb7
Rxd6 47. Rxf7+ Ng7 48. Be4 Kg8 49. Rb7 Rf6 50. Bd5+ Kh7 51. f3 Kh6 52. Rb8 Nf5
53. Kh3 Rd6 54. Be4 Kg7 55. Rb7+ Kf6 56. Bxf5 gxf5 57. Rh7 Kg6 58. Rh8 Rd3 59.
Kg2 Rd2+ 60. Kf1 f4 61. Rg8+ Kf7 62. Rg5 fxg3 63. Rxh5 Rf2+ 64. Kg1 Rxf3 65.
Kg2 Rf6 66. Kxg3 Kg6 67. Rg5+ Kh6 68. Re5 Ra6 69. Re4 Rb6 1/2-1/2

[Event "NAYCC U18"]
[Site "Windsor CAN"]
[Date "2016.08.11"]
[Round "8.6"]
[White "Peng, David"]
[Black "Doknjas, John"]
[Result "0-1"]
[WhiteElo "2283"]
[BlackElo "2200"]
[PlyCount "98"]
[EventDate "2016.08.07"]
[EventType "swiss"]
[EventRounds "9"]
[EventCountry "CAN"]

1. e4 c5 2. Nf3 d6 3. d4 cxd4 4. Nxd4 Nf6 5. Nc3 a6 6. g3 e6 7. Bg2 Be7 8. O-O
Qc7 9. a4 Nc6 10. h3 Nd7 11. Be3 O-O 12. f4 Nxd4 13. Bxd4 b6 14. g4 Bb7 15. f5
Ne5 16. Ne2 exf5 17. gxf5 Nd7 18. Ng3 Bf6 19. Nh5 Bxd4+ 20. Qxd4 Qc5 21. Rfd1
Ne5 22. b4 Qxc2 23. Qe3 Kh8 24. Rxd6 Qb2 25. Rdd1 Qxb4 26. Rab1 Qxa4 27. Qg3
Ng6 28. f6 Rfd8 29. fxg7+ Kg8 30. Rf1 Qd4+ 31. Kh1 Rac8 32. Qb3 Qc4 33. Qxb6
Bc6 34. Qf2 Qe6 35. Qe3 Rd6 36. Qh6 Qe7 37. Rbe1 Rb8 38. Qc1 Rb5 39. Rf5 Qh4
40. Ref1 Rxf5 41. Rxf5 Bd7 42. Qc5 Rd1+ 43. Kh2 Bxf5 44. Qxf5 Qe7 45. Nf6+ Kxg7
46. Ng4 Qe6 47. Qg5 f6 48. Qh6+ Kg8 49. Qe3 Qd6+ 0-1

[Event "NAYCC U18"]
[Site "Windsor CAN"]
[Date "2016.08.11"]
[Round "8.7"]
[White "Wang, Justin"]
[Black "Bian, Alex"]
[Result "0-1"]
[WhiteElo "2177"]
[BlackElo "2300"]
[PlyCount "114"]
[EventDate "2016.08.07"]
[EventType "swiss"]
[EventRounds "9"]
[EventCountry "CAN"]

1. e4 c5 2. c3 d5 3. exd5 Qxd5 4. d4 Nc6 5. Nf3 Bf5 6. Be3 Nf6 7. Na3 e6 8. Bc4
Qe4 9. O-O cxd4 10. Nxd4 Bxa3 11. bxa3 O-O 12. Re1 Nxd4 13. Bxd4 Qh4 14. Qf3 b6
15. a4 Rac8 16. Bb3 Rfd8 17. h3 Qg5 18. Rad1 Qg6 19. Be5 Be4 20. Qg3 Qxg3 21.
Bxg3 Bb7 22. Be5 Ne4 23. f3 Nc5 24. Bd4 Kf8 25. Bc2 Bd5 26. a5 Bxa2 27. axb6
axb6 28. Bxh7 g6 29. h4 Rxd4 30. Rxd4 Kg7 31. Bxg6 Kxg6 32. Re2 Bb3 33. Rb4 b5
34. Rg4+ Kf6 35. Rf4+ Kg7 36. h5 Bc4 37. Re3 Bd5 38. Rd4 Na4 39. Rdd3 Nb2 40.
Rd4 Na4 41. Rdd3 f5 42. f4 Kh6 43. Rg3 Rc4 44. Rg6+ Kh7 45. Rdg3 Rc7 46. h6
Nxc3 47. Kh2 Ne4 48. Rg7+ Rxg7 49. Rxg7+ Kxh6 50. Rg8 b4 51. Rb8 b3 52. Kh3
Nf2+ 53. Kh4 Kg6 54. Rg8+ Kf6 55. Rb8 Nd3 56. g3 b2 57. Kh5 Ba2 0-1

[Event "NAYCC U18"]
[Site "Windsor CAN"]
[Date "2016.08.11"]
[Round "8.8"]
[White "Wang, Jalen"]
[Black "Hong, Andrew"]
[Result "0-1"]
[WhiteElo "2095"]
[BlackElo "2297"]
[PlyCount "144"]
[EventDate "2016.08.07"]
[EventType "swiss"]
[EventRounds "9"]
[EventCountry "CAN"]

1. f3 e5 2. Nh3 d5 3. Nf2 Nf6 4. e3 c5 5. d4 Nc6 6. c3 cxd4 7. exd4 exd4 8.
cxd4 Qb6 9. Be3 Qxb2 10. Nd2 Bf5 11. Nd3 Qa3 12. Nb3 Be7 13. Kf2 Qd6 14. Bf4
Qd8 15. g4 Bxd3 16. Bxd3 O-O 17. h4 Re8 18. h5 Bd6 19. Qd2 Qc7 20. Bg5 Nd7 21.
Kg2 Nf8 22. Be3 Ne6 23. Bf5 Bf4 24. Rae1 Bxe3 25. Rxe3 Nf8 26. Rhe1 Re7 27. h6
g6 28. Rxe7 Nxe7 29. Qg5 Nxf5 30. gxf5 Qc2+ 31. Kg3 Qxf5 32. Qxf5 gxf5 33. Kf4
f6 34. Kxf5 Kf7 35. Na5 b6 36. Nc6 Ng6 37. Re2 a6 38. Rb2 b5 39. a4 Rc8 40.
axb5 axb5 41. Na7 Rc3 42. Kg4 Rc1 43. Rxb5 Rg1+ 44. Kh3 Nf4+ 45. Kh4 Kg6 46.
Rb6 Ne2 47. Rd6 Nxd4 48. Rxd5 Nxf3+ 49. Kh3 Ng5+ 50. Kh2 Rf1 51. Nb5 Kxh6 52.
Nd4 Kg6 53. Ra5 Rf4 54. Nc6 Kh5 55. Ra3 Kg4 56. Rg3+ Kh4 57. Ra3 Re4 58. Kg2
Kg4 59. Rg3+ Kf4 60. Rb3 Re2+ 61. Kf1 Rd2 62. Ne7 Rd7 63. Ng8 Rd6 64. Nh6 f5
65. Rb4+ Ne4 66. Nf7 Rd7 67. Nh8 Kg5 68. Rb8 Kf6 69. Ke2 Ng5 70. Ke3 Ne6 71.
Rg8 Rd8 72. Rxd8 Nxd8 0-1

[Event "NAYCC U18"]
[Site "Windsor CAN"]
[Date "2016.08.11"]
[Round "8.9"]
[White "Karamsetty, Jeevan"]
[Black "Shi, Diwen"]
[Result "1-0"]
[WhiteElo "2091"]
[BlackElo "2209"]
[PlyCount "67"]
[EventDate "2016.08.07"]
[EventType "swiss"]
[EventRounds "9"]
[EventCountry "CAN"]

1. e4 c5 2. Nf3 g6 3. c3 d6 4. d4 Nf6 5. Bd3 Bg7 6. O-O O-O 7. Nbd2 Bg4 8. h3
Bxf3 9. Nxf3 Nc6 10. d5 Nb8 11. Nh2 e6 12. dxe6 fxe6 13. f4 Nc6 14. Qb3 Qe7 15.
Bd2 Kh8 16. Rae1 a6 17. Nf3 b5 18. Qd1 Rae8 19. f5 Qa7 20. fxg6 c4+ 21. Be3 Qe7
22. Bc2 hxg6 23. e5 dxe5 24. Nh4 Kg8 25. Nxg6 Qf7 26. Nxf8 Qxf8 27. Qf3 e4 28.
Bxe4 Ne5 29. Qg3 Nxe4 30. Rxf8+ Rxf8 31. Qh4 Nd6 32. Bc5 Nf5 33. Qg5 Re8 34.
Rxe5 1-0

[Event "NAYCC U18"]
[Site "Windsor CAN"]
[Date "2016.08.11"]
[Round "8.10"]
[White "Wahl, Jackson"]
[Black "Proleiko, Julian"]
[Result "1/2-1/2"]
[WhiteElo "1982"]
[BlackElo "2114"]
[PlyCount "38"]
[EventDate "2016.08.07"]
[EventType "swiss"]
[EventRounds "9"]
[EventCountry "CAN"]

1. d4 Nf6 2. c4 e6 3. Nc3 d5 4. cxd5 exd5 5. Bg5 c6 6. Qc2 Be7 7. e3 O-O 8. Bd3
Nbd7 9. Nf3 Re8 10. O-O Nf8 11. Rab1 a5 12. Rfe1 Ng6 13. Na4 Bd6 14. h3 h6 15.
Bxf6 Qxf6 16. Nb6 Rb8 17. Nxc8 Rbxc8 18. a3 Nh4 19. Nxh4 Qxh4 1/2-1/2

[Event "NAYCC U18"]
[Site "Windsor CAN"]
[Date "2016.08.11"]
[Round "8.11"]
[White "Graif, William"]
[Black "Zheng, Andrew"]
[Result "0-1"]
[WhiteElo "2095"]
[BlackElo "2083"]
[PlyCount "86"]
[EventDate "2016.08.07"]
[EventType "swiss"]
[EventRounds "9"]
[EventCountry "CAN"]

1. e4 c5 2. Nf3 d6 3. d4 cxd4 4. Nxd4 Nf6 5. Nc3 a6 6. Bg5 e6 7. f4 Be7 8. Qf3
Qc7 9. O-O-O Nbd7 10. g4 b5 11. Bxf6 Nxf6 12. g5 Nd7 13. Bd3 b4 14. Nce2 Bb7
15. Kb1 Nc5 16. h4 O-O-O 17. Ng3 a5 18. Qh5 g6 19. Qe2 Qb6 20. Nf3 Kb8 21. h5
Rhf8 22. hxg6 hxg6 23. Rde1 a4 24. Rh7 a3 25. b3 Nxd3 26. cxd3 Rc8 27. Qe3 Qxe3
28. Rxe3 Ba6 29. d4 Rc7 30. d5 Rfc8 31. Rh1 Rc2 32. Nd4 Rb2+ 33. Ka1 e5 34.
fxe5 dxe5 35. Nc6+ Rxc6 36. dxc6 Bc5 37. c7+ Kc8 38. Ree1 Bd4 39. Rd1 Rd2+ 40.
Kb1 Bd3+ 41. Kc1 Rc2+ 42. Kb1 Rb2+ 43. Kc1 Be3+ 0-1

[Event "NAYCC U18"]
[Site "Windsor CAN"]
[Date "2016.08.11"]
[Round "8.12"]
[White "Han, Joseph"]
[Black "Guo, Arthur"]
[Result "1/2-1/2"]
[WhiteElo "2172"]
[BlackElo "2155"]
[PlyCount "119"]
[EventDate "2016.08.07"]
[EventType "swiss"]
[EventRounds "9"]
[EventCountry "CAN"]

1. e4 c5 2. Nf3 e6 3. Qe2 Nc6 4. g3 Nf6 5. c3 e5 6. Bg2 g6 7. O-O Bg7 8. d4
cxd4 9. cxd4 exd4 10. e5 Nd5 11. Rd1 Qb6 12. Na3 O-O 13. Qe4 Nde7 14. Bg5 d5
15. exd6 Nf5 16. Nc4 Qb5 17. Rac1 Be6 18. b3 Rfe8 19. Qd3 h6 20. Bd2 Rad8 21.
Nce5 Qxd3 22. Nxd3 Nxd6 23. Nc5 Bd5 24. Bf4 b6 25. Na6 Nb5 26. Nc7 Nxc7 27.
Bxc7 Rd7 28. Bf4 g5 29. Bd2 Rd6 30. Re1 Red8 31. h4 Bxf3 32. Bxf3 Ne5 33. Be4
f5 34. f4 fxe4 35. fxe5 e3 36. Bxe3 Rg6 37. h5 Re6 38. Bf2 Rxe5 39. Rxe5 Bxe5
40. Kg2 g4 41. Rd1 Kf7 42. Be3 Rd6 43. Rf1+ Ke7 44. Bd2 Rc6 45. Rc1 Rxc1 46.
Bxc1 d3 47. Bxh6 Ke6 48. Kf2 Bd4+ 49. Ke1 Bc3+ 50. Kf2 d2 51. Ke2 Be5 52. Kxd2
Bxg3 53. Ke2 Kf6 54. Be3 Bc7 55. h6 Kg6 56. Kf2 g3+ 57. Kg2 a6 58. a4 b5 59.
axb5 axb5 60. Bd2 1/2-1/2

[Event "NAYCC U18"]
[Site "Windsor CAN"]
[Date "2016.08.11"]
[Round "8.13"]
[White "Li, Ben"]
[Black "Li, Yinshi"]
[Result "1-0"]
[WhiteElo "2319"]
[BlackElo "2138"]
[PlyCount "57"]
[EventDate "2016.08.07"]
[EventType "swiss"]
[EventRounds "9"]
[EventCountry "CAN"]

1. d4 d5 2. Nf3 Nf6 3. c4 c6 4. e3 e6 5. b3 Nbd7 6. Bb2 b6 7. Bd3 Bb7 8. O-O
Be7 9. Nc3 O-O 10. Qe2 c5 11. Rad1 a6 12. Ne5 Qc7 13. f4 Rfd8 14. f5 Bd6 15.
Nxf7 Kxf7 16. fxe6+ Kxe6 17. Nxd5 Bxd5 18. cxd5+ Kf7 19. g4 Kg8 20. g5 Ne8 21.
Bxh7+ Kxh7 22. Qh5+ Kg8 23. Qf7+ Kh8 24. Rf3 Ndf6 25. Rh3+ Nh7 26. Qg6 Nef6 27.
dxc5 Bxh2+ 28. Kg2 Rg8 29. gxf6 1-0

[Event "NAYCC U18"]
[Site "Windsor CAN"]
[Date "2016.08.11"]
[Round "8.14"]
[White "Nguyen, Trung"]
[Black "Song, Terry"]
[Result "1/2-1/2"]
[WhiteElo "2153"]
[BlackElo "2208"]
[PlyCount "71"]
[EventDate "2016.08.07"]
[EventType "swiss"]
[EventRounds "9"]
[EventCountry "CAN"]

1. d4 Nf6 2. c4 c5 3. d5 b5 4. cxb5 a6 5. bxa6 g6 6. Nc3 Bg7 7. e4 O-O 8. Nf3
Qa5 9. Bd2 Bxa6 10. Bxa6 Qxa6 11. Qe2 e6 12. Qxa6 Nxa6 13. dxe6 fxe6 14. O-O
Nb4 15. Ne1 Ng4 16. a3 Rfb8 17. Bf4 Rb7 18. Rc1 Nc6 19. h3 Nge5 20. Bxe5 Nxe5
21. Nd1 d6 22. f4 Nc6 23. e5 Nd4 24. Rf2 dxe5 25. Rxc5 exf4 26. Kh1 Nb3 27.
Rcc2 e5 28. Nc3 Rd8 29. Nf3 Rbd7 30. Ng5 Bf6 31. Nge4 Bh4 32. Rf1 Rd4 33. Re2
Kg7 34. Rg1 Rd3 35. Rf1 R3d4 36. Rg1 1/2-1/2

[Event "NAYCC U18"]
[Site "Windsor CAN"]
[Date "2016.08.11"]
[Round "8.15"]
[White "Dommalapati, Abhinay"]
[Black "Sowa, Aidan"]
[Result "1-0"]
[WhiteElo "1832"]
[BlackElo "1910"]
[PlyCount "57"]
[EventDate "2016.08.07"]
[EventType "swiss"]
[EventRounds "9"]
[EventCountry "CAN"]

1. d4 Nf6 2. c4 g6 3. Nc3 Bg7 4. e4 O-O 5. Nf3 d6 6. Be2 e5 7. O-O Nc6 8. d5
Ne7 9. b4 Nh5 10. Re1 f5 11. Nd2 Nf4 12. Bf1 fxe4 13. Ndxe4 Nf5 14. g3 Nh5 15.
Bg5 Qd7 16. g4 Nd4 17. gxh5 Nf3+ 18. Kh1 Nxe1 19. Qxe1 gxh5 20. Qe3 Qf7 21. Be2
Bg4 22. Rg1 Qd7 23. f3 Bf5 24. Nf6+ Bxf6 25. Bxf6+ Bg6 26. Ne4 Kf7 27. Qh6 Rg8
28. Rxg6 hxg6 29. Qh7+ 1-0

[Event "NAYCC U18"]
[Site "Windsor CAN"]
[Date "2016.08.11"]
[Round "8.16"]
[White "Mathews, Jeremy"]
[Black "Yaskolko, Alexander"]
[Result "1-0"]
[WhiteElo "1701"]
[BlackElo "1735"]
[PlyCount "87"]
[EventDate "2016.08.07"]
[EventType "swiss"]
[EventRounds "9"]
[EventCountry "CAN"]

1. e4 c5 2. Nf3 d6 3. Bb5+ Bd7 4. Bxd7+ Nxd7 5. O-O g6 6. c3 Bg7 7. Qe2 Ngf6 8.
Rd1 O-O 9. d4 cxd4 10. cxd4 d5 11. e5 Ne4 12. Nbd2 Nxd2 13. Bxd2 e6 14. Rac1
Qb6 15. Rc2 Rac8 16. Rdc1 Rxc2 17. Rxc2 f6 18. exf6 Nxf6 19. Ng5 h6 20. Qxe6+
Qxe6 21. Nxe6 Re8 22. Nxg7 Kxg7 23. Rc7+ Kg8 24. Kf1 g5 25. f3 Rb8 26. Ke2 a6
27. h4 gxh4 28. Bxh6 Nh7 29. Rg7+ Kh8 30. Rd7 Rg8 31. Kf2 Nf6 32. Rxb7 Rg6 33.
Bf4 Kg8 34. Rb8+ Kf7 35. Rb7+ Ke6 36. Ra7 Kf5 37. Be5 Ne8 38. Re7 Nd6 39. Rd7
Nc4 40. Rxd5 Nxb2 41. Bg3+ Ke6 42. Rd6+ Kf5 43. Rxg6 Kxg6 44. Bxh4 1-0

[Event "NAYCC U18"]
[Site "Windsor CAN"]
[Date "2016.08.11"]
[Round "9.2"]
[White "Grabinsky, Aaron"]
[Black "Niemann, Hans"]
[Result "0-1"]
[WhiteElo "2312"]
[BlackElo "2298"]
[PlyCount "88"]
[EventDate "2016.08.07"]
[EventType "swiss"]
[EventRounds "9"]
[EventCountry "CAN"]

1. e4 c5 2. Nf3 e6 3. d4 cxd4 4. Nxd4 Nc6 5. Nc3 Qc7 6. a3 a6 7. Be3 b5 8. f4
Bb7 9. Nxc6 Bxc6 10. Be2 Nf6 11. Bf3 d6 12. Qd2 Be7 13. O-O O-O 14. g4 Qb7 15.
Qg2 b4 16. axb4 Qxb4 17. g5 Nd7 18. Ra3 Rfb8 19. Rb3 Qa5 20. Rxb8+ Rxb8 21. Bc1
Nb6 22. f5 Qe5 23. f6 Bf8 24. fxg7 Bxg7 25. Bh5 Be8 26. Qf3 Qc5+ 27. Kh1 Qc7
28. Bf4 Nc4 29. b3 Ne5 30. Qg3 Rc8 31. Bd2 Ng6 32. Rf3 Bc6 33. Qe1 Qb7 34. Re3
d5 35. Re2 d4 36. Nb1 Ne5 37. Na3 d3 38. Re3 dxc2 39. Kg1 Bxe4 40. Rxe4 Nd3 41.
Qe3 c1=Q+ 42. Bxc1 Rxc1+ 43. Kg2 Re1 44. Be2 Rxe2+ 0-1

[Event "NAYCC U18"]
[Site "Windsor CAN"]
[Date "2016.08.11"]
[Round "9.4"]
[White "Doknjas, John"]
[Black "Hong, Andrew"]
[Result "1-0"]
[WhiteElo "2200"]
[BlackElo "2297"]
[PlyCount "93"]
[EventDate "2016.08.07"]
[EventType "swiss"]
[EventRounds "9"]
[EventCountry "CAN"]

1. d4 d5 2. c4 e6 3. Nc3 c6 4. e4 dxc4 5. Bxc4 Nf6 6. a3 c5 7. d5 e5 8. f4 Bd6
9. Nf3 Nbd7 10. Nb5 Qe7 11. fxe5 Nxe5 12. Nxe5 Qxe5 13. Nxd6+ Qxd6 14. O-O Bg4
15. Bb5+ Bd7 16. e5 Qf8 17. Bc4 b5 18. exf6 bxc4 19. Qe1+ Kd8 20. Qa5+ Kc8 21.
Bf4 Kb7 22. Qc7+ Ka6 23. Qxd7 Rc8 24. Rfe1 Qd8 25. Qa4+ Kb6 26. Re7 a5 27. Bd2
Ka6 28. Bxa5 Qxa5 29. Ra7+ Kxa7 30. Qxa5+ Kb7 31. Re1 Rc7 32. Re7 Rhc8 33.
Rxc7+ Rxc7 34. Qxc7+ Kxc7 35. fxg7 c3 36. bxc3 Kd6 37. c4 Ke5 38. g8=Q Kd4 39.
d6 Kxc4 40. d7 Kb3 41. d8=R c4 42. Rb8+ Kc2 43. Qxh7+ Kd2 44. Rd8+ Kc3 45. Qh3+
Kb2 46. Rd2+ Kb1 47. Qe3 1-0

[Event "NAYCC U18"]
[Site "Windsor CAN"]
[Date "2016.08.11"]
[Round "9.5"]
[White "Li, Ethan"]
[Black "Sheng, Joshua"]
[Result "1-0"]
[WhiteElo "2321"]
[BlackElo "2394"]
[PlyCount "93"]
[EventDate "2016.08.07"]
[EventType "swiss"]
[EventRounds "9"]
[EventCountry "CAN"]

1. d4 g6 2. Nf3 d6 3. c4 Nf6 4. e3 Bg7 5. Be2 O-O 6. O-O Nbd7 7. Nc3 e5 8. Qc2
Re8 9. Rd1 Qe7 10. b4 e4 11. Nd2 Nf8 12. Bb2 h5 13. Rac1 N8h7 14. a4 h4 15. Nd5
Nxd5 16. cxd5 Nf6 17. Bb5 Rd8 18. Ba3 Bg4 19. Re1 Rac8 20. Bc4 Bf5 21. b5 h3
22. g3 Bd7 23. a5 Qe8 24. Qb3 Bf8 25. Rb1 Rb8 26. Rec1 c6 27. dxc6 bxc6 28. b6
axb6 29. axb6 Bc8 30. Qc2 Rd7 31. Rb2 Ra8 32. Bb4 Rb7 33. Bf1 Qd8 34. Qxc6 Rab8
35. Ba5 Bd7 36. Qc2 Ra8 37. Ra2 Qe8 38. Raa1 d5 39. Nb3 Ba4 40. Qc3 Bxb3 41.
Qxb3 Qe6 42. Qb5 Be7 43. Rc7 Rxc7 44. bxc7 Rc8 45. Rc1 Bd6 46. Qb7 Ne8 47. Ba6
1-0

[Event "NAYCC U18"]
[Site "Windsor CAN"]
[Date "2016.08.11"]
[Round "9.6"]
[White "Bian, Alex"]
[Black "Dorrance, Adam"]
[Result "1/2-1/2"]
[WhiteElo "2300"]
[BlackElo "2254"]
[PlyCount "58"]
[EventDate "2016.08.07"]
[EventType "swiss"]
[EventRounds "9"]
[EventCountry "CAN"]

1. e4 c5 2. Nf3 Nc6 3. d4 cxd4 4. Nxd4 Nf6 5. Nc3 e5 6. Ndb5 d6 7. Bg5 a6 8.
Na3 b5 9. Bxf6 gxf6 10. Nd5 Bg7 11. g3 f5 12. Bg2 O-O 13. exf5 Bxf5 14. Ne3 Ne7
15. Nxf5 Nxf5 16. Qh5 Nd4 17. c3 b4 18. cxb4 Rb8 19. O-O Rxb4 20. b3 a5 21.
Rac1 Qf6 22. Nc2 Qh6 23. Qxh6 Bxh6 24. Nxb4 Ne2+ 25. Kh1 Nxc1 26. Nc6 Nxa2 27.
Ne7+ Kh8 28. Nf5 Bd2 29. Nxd6 Bc3 1/2-1/2